000 00973nam0a22002531 4500
001 rc\2385523
005 20260407132011.0
035 _a(NLR Aleph) 006664098
090 _a4925502
_c4925502
100 _a20110829d1978 |||y0rusy50 ca
101 0 _arus
102 _aRU
105 _ay z |||||
200 1 _aУстав Научно-технического общества строительной индустрии
_eУтв. II съездом... 30.03.62, частич. изм. внесены V съездом... 15.03.68, VI съездом... 14.11.72 и VII съездом... 28.10.77
210 _aМосква
_cСтройиздат
_d1978
215 _a22 с.
_d22
710 0 2 _aНТО строительной индустрии СССР
_3RU\NLR\AUTH\889989353
_9474210
801 0 _aRU
_bNLR
_gpsbo
801 1 _aRU
_bELAR
_2rusmarc
852 _aNLR
_j78-6/6035
899 _aRuMoRGB
_jБ 78-49/518
899 _aRuMoRGB
_jБ 78-49/519
942 _cBOOK
980 _aNB